Program cezhraničnej spolupráce Slovenská republika - Poľská republika 2014-2020

Ciele programu cezhraničnej spolupráce Slovenskej republiky a Poľska na roky 2014-2020. Ochrana, posilnenie a rozvoj kľúčového potenciálu oblasti. Zlepšenie dopravnej infraštruktúry. Rozvoj vzdelávania. Tri základné predpoklady cieľov a rozsahu programu.

Salvato in:
Dettagli Bibliografici
Autore principale: Brindzová, Zuzana
Natura: Capitolo di libro
Lingua:slovacco
Soggetti:
Tags: Aggiungi Tag
Nessun Tag, puoi essere il primo ad aggiungerne!!

MARC

LEADER 00000nla a2200000 4500
001 0200142
005 20240502073403.7
041 0 |a slo 
044 |a SK 
245 1 0 |a Program cezhraničnej spolupráce Slovenská republika - Poľská republika 2014-2020  |c Zuzana Brindzová 
520 |a Ciele programu cezhraničnej spolupráce Slovenskej republiky a Poľska na roky 2014-2020. Ochrana, posilnenie a rozvoj kľúčového potenciálu oblasti. Zlepšenie dopravnej infraštruktúry. Rozvoj vzdelávania. Tri základné predpoklady cieľov a rozsahu programu. 
610 2 0 |a spolupráca cezhraničná 
610 2 0 |a dedičstvo kultúrne 
610 2 0 |a infraštruktúra dopravná 
610 2 0 |a vzdelávanie 
610 2 0 |a zdroje finančné 
610 2 0 |a rozvoj regionálny 
610 2 0 |a Slovensko 
610 2 0 |a Poľsko 
610 2 0 |a fondy Európskej únie 
100 1 |a Brindzová, Zuzana